Текст томруулах:    
Microsoft Office Excel 2003 (Бичлэгийн дугаар. 146154)
000 -УДИРДЛАГА
Удирдлага 00859 a2200289 4500
003 - ХЯНАЛТЫН ТОО ТОДОРХОЙЛОГЧ
Код MN-UlNUM
005 - БИЧИЛТ ХИЙСЭН ОГНОО
Тухайн бичилтийг бичсэн засварласан сүүлийн огноо 20260407192041.0
008 - ЕРӨНХИЙ МЭДЭЭЛЭЛ
Ерөнхий мэдээлэл 110605s2003 maua 001 0 eng
020 ## - ISBN
ISBN 0072835680
-- 9780072835687
040 ## - БИЧЛЭГ ҮҮСГЭГЧ БАЙГУУЛЛАГА
Бичлэг үүсгэгч номын сангийн код МУИС-ийн номын сан
084 ## - ББК АНГИЛАЛ
Нэмэлт тусгалт Гарын авлага
ББК ангилал 32.973.26-018.2
Зохиогчийн гурван тэмдэгт O-10
Мэдлэгийн ялгаа 3 - Техник
100 1# - ЗОХИОГЧ
Зохиогчийн нэр O'Leary, Timothy J.
Зохиогчийн огноо 1947-
245 10 - ҮНДСЭН ГАРЧИГ
Номын нэр Microsoft Office Excel 2003
Оролцогчдын тухай мэдээ Timothy J. O'Leary, Linda I. O'Leary
250 ## - ДАХИН ХЭВЛЭЛТ
Дахин гаралтын дугаар Introductory ed.
260 ## - ГАРАЛТЫН МЭДЭЭ
Хэвлэгдсэн газар Boston, MA
Хэвлэлийн газар McGraw-Hill Technology Education
Хэвлэгдсэн он 2004
300 ## - МАТЕРИАЛЫН ТОДОРХОЙЛОЛТ
хуудасны тоо 1 v. (various pagings)
Бусад тоон мэдээлэл col. ill.
Хэмжээ 28 cm.
490 1# - БОТЬ / ЦУВРАЛЫН ТУХАЙ МЭДЭЭ
Боть / цувралын зохиогч The O'Leary series
500 ## - Тайлбар
Дансны дугаар БС 6101
546 ## - ХЭЛНИЙ ТУХАЙ МЭДЭЭ
Хэл Англи хэл дээр,
653 ## - Түлхүүр үг
Түлхүүр үг business
653 ## - Түлхүүр үг
Түлхүүр үг electronic spreadsheets
653 ## - Түлхүүр үг
Түлхүүр үг microsoft excel 2003
700 1# - ХАМ ЗОХИОГЧИД
Ба бус O'Leary, Linda I.
942 ## - ЭЛЕМЕНТИЙН ТӨРӨЛ
Зүйлийн төрөл Ном